Frente a otros horizontes: crónicas y atisbos /
Bewaard in:
| Hoofdauteur: | |
|---|---|
| Formaat: | Boek |
| Taal: | Spanish |
| Gepubliceerd in: |
San Jose, Costa Rica,
A. Lehmann,
1962.
|
| Onderwerpen: | |
| Tags: |
Voeg label toe
Geen labels, Wees de eerste die dit record labelt!
|
MARC
| LEADER | 00000cam a22000001 4500 | ||
|---|---|---|---|
| 001 | 6675518 | ||
| 005 | 20170512090101.0 | ||
| 008 | 751202s1962 cr 000 0 spa | ||
| 040 | |a DLC |c FMFIU |d DLC |d CRU CIICLA | ||
| 082 | |a CR864.4 |b A333f | ||
| 100 | 2 | |a Albertazzi Avendaño, José, |d 1892- | |
| 245 | 1 | 0 | |a Frente a otros horizontes: crónicas y atisbos / |c José Albertazzi Avendaño |
| 260 | |a San Jose, Costa Rica, |b A. Lehmann, |c 1962. | ||
| 300 | |a 107 páginas | ||
| 500 | |a Título de la cubierta. | ||
| 651 | 1 | 4 | |a COSTA RICA |
| 651 | 1 | 4 | |a GUATEMALA |
| 650 | 7 | |9 76 |a LITERATURA COSTARRICENSE |v ENSAYOS | |
| 942 | |2 ddc |c BK | ||
| 999 | |c 3570 |d 3570 | ||
